STN EN 60695-2-4/0: 2001 (34 5630), Skúšanie nebezpečenstva požiaru Časť 2 Skúšobné metódy. Oddiel 4/List 0: Skúška difúznym a zmiešaným plameňom

Bibliographic Details
Format: Book
Language:Czech
Slovak
English
PhysicalDescription:14 s. obr. 30 cm
Published: Bratislava Slovenský ústav technickej normalizácie 2001
Subjects:

MARC

LEADER 00000nam a2200000 a 4500
001 vtls001422175
003 SK-MaSNL
005 20260301012854.0
008 180126s2001 xo a 0 cze
040 |a SNK  |b slo  |c SNK  |e AACR2 
041 1 |a slo  |a cze  |h eng 
044 |a xo  |c SK 
046 |a s  |m 20010901 (účin. ) 
072 7 |a 614.84  |x Požiare. Ochrana pred požiarmi  |2 konspekt 
080 |a 614.84  |2 2011 
080 |a 006.7/8  |2 2011 
080 |a (437.6)  |2 2011 
080 |a (4)  |2 2011 
130 |a STN 34 5630 (STN EN 60695-2-4/0)  |9 298632 
245 1 |a STN EN 60695-2-4/0: 2001 (34 5630), Skúšanie nebezpečenstva požiaru  |n Časť 2  |p Skúšobné metódy. Oddiel 4/List 0: Skúška difúznym a zmiešaným plameňom 
246 1 0 |a Skúšanie nebezpečenstva požiaru. Časť 2 
246 1 0 |a Skúšobné metódy 
246 1 0 |a Oddiel 4/List 0 
246 1 0 |a Skúška difúznym a zmiešaným plameňom 
246 3 0 |a idt EN 60695-2-4/0:1993, idt IEC 60695-2-4/0:1991 
260 |a Bratislava  |b Slovenský ústav technickej normalizácie  |c 2001 
300 |a 14 s.  |b obr.  |c 30 cm 
500 |a Súbežný názov v angličtine, francúzštine, nemčine 
500 |a Spracovateľ: Edita Mártonová 
540 |a STN vydané na akomkoľvek nosiči sa môžu rozmnožovaťa rozširovať iba so súhlasom určenej právnickej osoby  |b SÚTN Bratislava  |c zákon 60/2018 Z. z 
650 0 7 |a technické normy a štandarty  |z Slovensko  |2 SNKPH  |9 292187 
650 0 7 |a technické norma a štandarty  |z krajiny Európskej únie  |2 SNKPH  |9 292188 
650 0 7 |a požiarna ochrana  |2 SNKPH  |9 1501 
650 0 7 |a Fire protection  |2 SNKPHeng  |9 265684 
655 7 |a normy  |2 SNKPH  |9 70643 
852 |a Štátna vedecká knižnica v Banskej Bystrici 
999 |c 554604  |d 556534 
952 |t P60, <03>, [BOOK], {603}  |a SNK  |b SNK  |y PREZ  |7 0  |p 17A0318138  |o snkSTN EN 60695-2-4/0  |i snkN 2183/2001  |0 0  |1 0  |4 0  |d 2001-10-11  |l 0  |r 2005-01-02 00:00:00  |w 2026-02-23 
952 |t P60, <04>, [BOOK], {604}  |a SNK  |b SNK  |y VYP  |7 0  |p 17A0318214  |o snkSTN EN 60695-2-4/0 D1  |i snkN 2184/2001  |0 0  |1 0  |4 0  |d 2001-10-11  |l 0  |r 2005-01-02 00:00:00  |w 2026-02-23